[Event "Paris-ch 92nd"]
[Site "Paris"]
[Date "2017.07.19"]
[Round "6"]
[White "O'Sullivan, Thomas"]
[Black "Chartier, Thibaud"]
[Result "1-0"]
[WhiteElo "2235"]
[BlackElo "2222"]
[PlyCount "87"]
[EventDate "2017.07.14"]
[EventType "swiss"]
[EventRounds "9"]
[EventCountry "FRA"]
[SourceTitle "EXT 2018"]
[Source "ChessBase"]
[SourceDate "2017.10.13"]
[SourceVersion "1"]
[SourceVersionDate "2017.10.13"]
[SourceQuality "1"]

1. d4 Nf6 2. c4 g6 3. f3 Nc6 4. d5 Ne5 5. e4 d6 6. Nc3 Bg7 7. Be2 0-0 8. f4 Ned7 9. Be3 Re8 10. Nh3 Nb6 11. Nf2 e6 12. 0-0 exd5 13. cxd5 c6 14. dxc6 bxc6 15. Qc2 Be6 16. Rfd1 d5 17. Rac1 Qe7 18. e5 Nfd7 19. Na4 f6 20. exf6 Nxf6 21. Nxb6 axb6 22. Bxb6 Bf5 23. Bd3 Bxd3 24. Nxd3 Rxa2 25. Qxc6 Ra6 26. Re1 Qf8 27. Rxe8 Qxe8 28. Qb7 Ra8 29. Bd4 Rd8 30. Ne5 Ng4 31. Rc7 Bxe5 32. Rg7+ Kf8 33. fxe5 Rc8 34. Rc7 Rxc7 35. Qxc7 Qe6 36. h3 Nh6 37. b4 Nf5 38. Bc5+ Ke8 39. b5 Qd7 40. Qb8+ Qd8 41. Qa7 Qg5 42. Qa8+ Qd8 43. Qc6+ Qd7 44. Qf6 1-0

[Event "Paris-ch 92nd"]
[Site "Paris"]
[Date "2017.07.18"]
[Round "5"]
[White "Le Quang, Kim"]
[Black "Chartier, Thibaud"]
[Result "1-0"]
[WhiteElo "2279"]
[BlackElo "2222"]
[PlyCount "121"]
[EventDate "2017.07.14"]
[EventType "swiss"]
[EventRounds "9"]
[EventCountry "FRA"]
[SourceTitle "EXT 2018"]
[Source "ChessBase"]
[SourceDate "2017.10.13"]
[SourceVersion "1"]
[SourceVersionDate "2017.10.13"]
[SourceQuality "1"]

1. e4 e5 2. Nf3 Nc6 3. Bb5 a6 4. Ba4 Nf6 5. Qe2 b5 6. Bb3 Be7 7. 0-0 0-0 8. c3 d5 9. d3 Bg4 10. h3 Bh5 11. Nbd2 Re8 12. Rd1 Qd7 13. Nf1 Rad8 14. Ng3 Bg6 15. Nh4 Na5 16. Bc2 c5 17. Nhf5 Bf8 18. Bg5 Qc6 19. Qf3 Re6 20. b3 Rd7 21. Rac1 dxe4 22. dxe4 Nb7 23. Rxd7 Qxd7 24. Rd1 Qc7 25. h4 Bxf5 26. Nxf5 Nd6 27. Ne3 Qb7 28. Nd5 Nxd5 29. Rxd5 c4 30. b4 h6 31. Be3 Ne8 32. Rd8 Qe7 33. Ra8 Qxh4 34. a4 Qe7 35. a5 Qd7 36. Ra7 Nc7 37. Bb6 Rc6 38. Qd1 Qc8 39. Qh5 Bd6 40. Qf5 Qd8 41. Rxa6 g6 42. Qg4 Qe8 43. Ra7 Ne6 44. g3 Bc7 45. Be3 Qb8 46. Qh4 Bd8 47. Qxh6 Bg5 48. Bxg5 Nxg5 49. Rd7 Nf3+ 50. Kf1 Rd6 51. Rxd6 Qxd6 52. Qe3 Nh2+ 53. Kg2 Ng4 54. Qc5 Qd2 55. Qc8+ Kg7 56. Qxg4 Qxc2 57. Qf3 Qa4 58. Qe3 Qa1 59. Qd2 Qb1 60. Qd5 f6 61. a6 1-0

[Event "Bruges Masters op"]
[Site "Bruges"]
[Date "2016.08.18"]
[Round "9"]
[White "Van Foreest, Lucas"]
[Black "Chartier, Thibaud"]
[Result "1/2-1/2"]
[WhiteElo "2393"]
[BlackElo "2199"]
[PlyCount "85"]
[EventDate "2016.08.14"]
[EventType "swiss"]
[EventRounds "9"]
[EventCountry "BEL"]
[SourceTitle "CBM 173 Extra"]
[Source "ChessBase"]
[SourceDate "2016.08.29"]
[SourceVersion "1"]
[SourceVersionDate "2016.08.29"]
[SourceQuality "1"]

1. d4 Nf6 2. Nf3 g6 3. Bf4 Bg7 4. e3 0-0 5. h3 d6 6. Be2 c5 7. Nbd2 Qb6 8. Nc4 Qc7 9. a4 Be6 10. Na3 Qb6 11. 0-0 Nc6 12. c4 Bf5 13. Bd3 Bxd3 14. Qxd3 Nh5 15. d5 Nb4 16. Qb3 Nxf4 17. exf4 e6 18. dxe6 fxe6 19. g3 Qc6 20. Rae1 Rae8 21. Re3 e5 22. fxe5 dxe5 23. Ne1 e4 24. Nac2 Na6 25. Ng2 Nc7 26. Rfe1 Bd4 27. R3e2 Rf3 28. Nce3 Ref8 29. Qc2 Ne6 30. Nh4 Ng5 31. Kg2 Qe6 32. Ng4 h5 33. Rxe4 Nxe4 34. Nxf3 hxg4 35. Nxd4 gxh3+ 36. Kg1 cxd4 37. Qxe4 h2+ 38. Kxh2 Rxf2+ 39. Kg1 Qxe4 40. Rxe4 Rxb2 41. Rxd4 Rb4 42. a5 Ra4 43. Rd7 1/2-1/2

[Event "Bruges Masters op"]
[Site "Bruges"]
[Date "2016.08.15"]
[Round "4"]
[White "Chartier, Thibaud"]
[Black "Cocquyt, Tijs"]
[Result "1-0"]
[WhiteElo "2199"]
[BlackElo "2087"]
[PlyCount "99"]
[EventDate "2016.08.14"]
[EventType "swiss"]
[EventRounds "9"]
[EventCountry "BEL"]
[SourceTitle "CBM 173 Extra"]
[Source "ChessBase"]
[SourceDate "2016.08.29"]
[SourceVersion "1"]
[SourceVersionDate "2016.08.29"]
[SourceQuality "1"]

1. e4 Nc6 2. Nf3 d6 3. d4 Nf6 4. Nc3 g6 5. Bc4 Bg7 6. Qe2 Bg4 7. Be3 e5 8. dxe5 Nxe5 9. Bb3 0-0 10. 0-0-0 a6 11. h3 Bxf3 12. gxf3 Ned7 13. f4 Qe7 14. f3 b5 15. f5 Nc5 16. Bd5 b4 17. Bxa8 bxc3 18. Bc6 cxb2+ 19. Kb1 Nfd7 20. h4 Ne5 21. Bxc5 Nxc6 22. Be3 Rb8 23. fxg6 hxg6 24. h5 Qe6 25. hxg6 fxg6 26. Rd3 Qc4 27. Qh2 Kf7 28. Rg1 Rb5 29. Qh7 Qe6 30. Bh6 Qf6 31. Qxg7+ Qxg7 32. Bxg7 Kxg7 33. Rb3 Rc5 34. Kxb2 Nd4 35. Rb7 Rxc2+ 36. Kb1 Rc3 37. Rd1 Nxf3 38. Rxd6 Kh6 39. Rxa6 Re3 40. Re6 Nd2+ 41. Kc2 Rxe4 42. Rxe4 Nxe4 43. Rxc7 g5 44. Kd3 Ng3 45. a4 g4 46. Rc5 Nh5 47. Ke3 Ng7 48. a5 g3 49. Kf3 Ne8 50. a6 1-0

[Event "Bois Colombes op"]
[Site "Bois Colombes"]
[Date "2014.06.11"]
[Round "?"]
[White "Chartier, Thibaud"]
[Black "Pietrasanta, Jeremy"]
[Result "0-1"]
[WhiteElo "2054"]
[BlackElo "2174"]
[PlyCount "63"]
[EventDate "2013.06.11"]
[EventType "swiss"]
[EventRounds "6"]
[EventCountry "FRA"]
[SourceTitle "EXT 2015"]
[Source "ChessBase"]
[SourceDate "2014.11.20"]
[SourceVersion "1"]
[SourceVersionDate "2014.11.20"]
[SourceQuality "1"]

1. d4 Nf6 2. c4 e6 3. Nc3 Bb4 4. Qc2 Nc6 5. e3 d6 6. Bd2 e5 7. a3 Bxc3 8. Bxc3 Qe7 9. d5 Nb8 10. Nf3 Nbd7 11. Nd2 0-0 12. Be2 c6 13. dxc6 bxc6 14. 0-0 Re8 15. Rfd1 d5 16. Bf1 Nf8 17. b4 Bg4 18. Rdc1 Ng6 19. Nb3 Nh4 20. Nc5 Bf5 21. Qe2 Ne4 22. Nxe4 dxe4 23. f4 exf3 24. gxf3 Qg5+ 25. Kh1 e4 26. f4 Qg6 27. Qf2 Bg4 28. Qg3 Nf5 29. Qg1 Qh5 30. Qf2 Re6 31. Be1 Rh6 32. Bg2 0-1